00734cam a22002054a 450000500170000000800390001702000160005602000190007204000500009104100080014110000180014924500760016726000640024330000380030750000210034565000420036665000370040865000530044565100300049820140903175130.0140717s2000 xxua fr 001 0 eng a0060197765  a9780060197766  aCO-BoUCMbspacJose A. GerenadJose A. Gerena0 aeng1 aLee, Kuan Yew10aFrom Third World to firstbthe Singapore story, 1965-2000cKuan Yew Lee aNueva York (Estados Unidos)bHarperCollins Publishersc2000 axix, 729 páginasbilustraciones aIncluye índice 7aHistoria económicazSingapur (Asia) 7aHistoria socialzSingapur (Asia) 7aRelacionales internacionalesxHistoriazSingapur 4aSingapur (Asia)xHistoria